[Event "US Open-108"]
[Site "Cherry Hill"]
[Date "2007.08.03"]
[Round "7"]
[White "Cao, Tony"]
[Black "Bournival, Braden"]
[Result "1/2-1/2"]
[WhiteElo "2181"]
[BlackElo "2291"]
[PlyCount "44"]
[EventDate "2007.07.28"]
[EventType "swiss"]
[EventRounds "9"]
[EventCountry "USA"]
[SourceTitle "CBM 119 Extra"]
[Source "ChessBase"]
[SourceDate "2007.09.04"]
[SourceVersion "1"]
[SourceVersionDate "2007.09.04"]
[SourceQuality "1"]

1. e4 c6 2. d4 d5 3. Nc3 dxe4 4. Nxe4 Bf5 5. Ng3 Bg6 6. h4 h6 7. Nf3 Nd7 8. h5 Bh7 9. Bd3 Bxd3 10. Qxd3 e6 11. Bf4 Qa5+ 12. Bd2 Qc7 13. 0-0-0 0-0-0 14. c4 Ngf6 15. Kb1 c5 16. Qe2 Bd6 17. Ne4 Nxe4 18. Qxe4 Nf6 19. Qe2 Kb8 20. Bc3 cxd4 21. Bxd4 Ka8 22. Ne5 Bxe5 1/2-1/2

[Event "US Masters op"]
[Site "Hendersonville"]
[Date "2007.03.18"]
[Round "8"]
[White "Smith, Bryan G"]
[Black "Cao, Tony"]
[Result "1-0"]
[WhiteElo "2444"]
[BlackElo "2173"]
[PlyCount "143"]
[EventDate "2007.03.10"]
[EventType "swiss"]
[EventRounds "9"]
[EventCountry "USA"]
[SourceTitle "EXT 2011"]
[Source "ChessBase"]
[SourceDate "2010.11.26"]
[SourceVersion "1"]
[SourceVersionDate "2010.11.26"]
[SourceQuality "1"]

1. e4 c5 2. Nc3 Nc6 3. Nge2 d6 4. d4 cxd4 5. Nxd4 Nf6 6. f3 Qb6 7. Nb3 e6 8. Bg5 a6 9. Qd2 Be7 10. 0-0-0 Qc7 11. Kb1 b5 12. Bxb5 axb5 13. Nxb5 Qb8 14. Nxd6+ Bxd6 15. Qxd6 Qxd6 16. Rxd6 Ne5 17. Bf4 Ned7 18. c4 e5 19. Be3 Bb7 20. Rhd1 Ke7 21. Nc5 Bc8 22. b4 Rb8 23. Nxd7 Rxb4+ 24. Ka1 Nxd7 25. Rxd7+ Bxd7 26. Bc5+ Kd8 27. Bxb4 Kc8 28. Rd5 f6 29. Kb2 Re8 30. Kc3 Re6 31. Rd6 Re8 32. c5 Re6 33. c6 Rxd6 34. Bxd6 Bxc6 35. Bf8 g6 36. Bg7 f5 37. exf5 gxf5 38. Bxe5 Kd7 39. Kd4 Ke6 40. Bb8 Ba4 41. Kc5 Bd1 42. Kd4 Ba4 43. Ke3 Bb5 44. Kf4 Kf6 45. g4 fxg4 46. Kxg4 Bd7+ 47. Kf4 Bc6 48. Ke3 Kf5 49. f4 Bb5 50. Kd4 Bd7 51. Kc5 Ke6 52. Be5 Be8 53. Bb2 Kf5 54. Be5 Ke6 55. Kb4 Kd5 56. a4 Bd7 57. a5 Kc6 58. Bd4 Bc8 59. Bf2 Bf5 60. a6 Be4 61. Be3 Kd6 62. Kb5 Kc7 63. Kc5 Kd7 64. Kd4 Ba8 65. Ke5 Ke7 66. f5 Kf7 67. Bd4 Bf3 68. Kd6 Be4 69. f6 Bf3 70. Kc7 Ke6 71. a7 Bg2 72. Kb8 1-0

[Event "US Masters op"]
[Site "Hendersonville"]
[Date "2007.03.17"]
[Round "6"]
[White "Ardaman, Miles"]
[Black "Cao, Tony"]
[Result "0-1"]
[WhiteElo "2398"]
[BlackElo "2173"]
[PlyCount "64"]
[EventDate "2007.03.10"]
[EventType "swiss"]
[EventRounds "9"]
[EventCountry "USA"]
[SourceTitle "EXT 2011"]
[Source "ChessBase"]
[SourceDate "2010.11.26"]
[SourceVersion "1"]
[SourceVersionDate "2010.11.26"]
[SourceQuality "1"]

1. b3 e5 2. Bb2 d6 3. e3 Nc6 4. Ne2 Nf6 5. h3 g6 6. d3 Bg7 7. Nd2 0-0 8. a3 Be6 9. g4 d5 10. Ng3 d4 11. e4 Bh6 12. Nf3 Nd7 13. Rg1 f6 14. Nf5 Bxf5 15. gxf5 Kf7 16. h4 Rg8 17. Bh3 Nc5 18. Ke2 Ne7 19. Bc1 Qf8 20. c3 gxf5 21. b4 fxe4 22. Ng5+ Bxg5 23. bxc5 Bxc1 24. Qb3+ Ke8 25. Raxc1 exd3+ 26. Kxd3 Rd8 27. Qxb7 dxc3+ 28. Kxc3 Rxg1 29. Rxg1 Qh6 30. Be6 Qd2+ 31. Kb3 Rd3+ 32. Ka4 Qf4+ 0-1

[Event "US Masters op"]
[Site "Hendersonville"]
[Date "2007.03.16"]
[Round "5"]
[White "Cao, Tony"]
[Black "Kidd, Jeffrey A"]
[Result "1-0"]
[WhiteElo "2173"]
[BlackElo "2151"]
[PlyCount "129"]
[EventDate "2007.03.10"]
[EventType "swiss"]
[EventRounds "9"]
[EventCountry "USA"]
[SourceTitle "EXT 2011"]
[Source "ChessBase"]
[SourceDate "2010.11.26"]
[SourceVersion "1"]
[SourceVersionDate "2010.11.26"]
[SourceQuality "1"]

1. e4 e5 2. Nf3 Nf6 3. d4 Nxe4 4. Bd3 d5 5. Nxe5 Bd6 6. 0-0 0-0 7. Nd2 Nc6 8. Nxe4 dxe4 9. Bxe4 Bxe5 10. dxe5 Qxd1 11. Rxd1 Nxe5 12. Bf4 f6 13. Bd5+ Kh8 14. Re1 Bf5 15. Bxe5 fxe5 16. Rxe5 Bxc2 17. Rc1 Rfe8 18. Rxe8+ Rxe8 19. Bxb7 Re2 20. Bf3 Rd2 21. h3 Kg8 22. a3 c5 23. Kf1 Bd3+ 24. Ke1 Rxb2 25. Rxc5 a6 26. Rc7 g6 27. Rc3 Bb5 28. Rb3 Rc2 29. Bd1 Rc1 30. Kd2 Ra1 31. Bf3 Kg7 32. Ke3 Kf6 33. Kf4 Ra2 34. Kg3 Ke5 35. Re3+ Kd4 36. Be4 Bc4 37. h4 a5 38. Bc6 Bd3 39. a4 Bc2 40. Re7 Kc5 41. Bb5 h5 42. Rc7+ Kb4 43. Rc4+ Kb3 44. Rc6 Kb4 45. Ra6 Rxa4 46. Bxa4 Kxa4 47. Kf4 Kb5 48. Ra8 a4 49. Ke3 Kb4 50. Kd4 Kb3 51. Rb8+ Ka2 52. Kc3 Be4 53. f3 Bf5 54. Ra8 Ka3 55. Ra6 Bb1 56. g4 hxg4 57. fxg4 Be4 58. h5 gxh5 59. gxh5 Bb7 60. Ra7 Bc6 61. h6 Be4 62. h7 Bxh7 63. Rxh7 Ka2 64. Ra7 a3 65. Kc2 1-0

[Event "King's Island op"]
[Site "King's Island"]
[Date "2006.11.11"]
[Round "3"]
[White "Cao, Tony"]
[Black "Baxter, Ken J"]
[Result "1-0"]
[WhiteElo "2181"]
[BlackElo "1953"]
[PlyCount "59"]
[EventDate "2006.11.10"]
[EventType "swiss"]
[EventRounds "5"]
[EventCountry "USA"]
[SourceTitle "CBM 115 Extra"]
[Source "ChessBase"]
[SourceDate "2007.01.10"]
[SourceVersion "1"]
[SourceVersionDate "2007.01.10"]
[SourceQuality "1"]

1. e4 c5 2. Nf3 d6 3. d4 cxd4 4. Nxd4 Nf6 5. Nc3 g6 6. Be3 Bg7 7. f3 Nc6 8. Qd2 0-0 9. Bc4 Bd7 10. 0-0-0 Rc8 11. Bb3 Ne5 12. h4 h5 13. Bh6 Bxh6 14. Qxh6 Rxc3 15. bxc3 Qa5 16. Kb2 Rc8 17. Qe3 b5 18. a3 Qc7 19. Ne2 a5 20. g4 b4 21. gxh5 Nxh5 22. Rhg1 a4 23. Ba2 bxc3+ 24. Ka1 Kh7 25. Ng3 Nc4 26. Qxc3 Nxg3 27. Rxg3 d5 28. Rg5 Qf4 29. Rdg1 Ne3 30. Rh5+ 1-0

[Event "US Open-107"]
[Site "Chicago"]
[Date "2006.08.12"]
[Round "8"]
[White "Paschall, William M"]
[Black "Cao, Tony"]
[Result "1/2-1/2"]
[WhiteElo "2357"]
[BlackElo "2132"]
[PlyCount "31"]
[EventDate "2006.08.05"]
[EventType "swiss"]
[EventRounds "9"]
[EventCountry "USA"]
[SourceTitle "CBM 113 Extra"]
[Source "ChessBase"]
[SourceDate "2006.09.14"]
[SourceVersion "1"]
[SourceVersionDate "2006.09.14"]
[SourceQuality "1"]

1. Nf3 d5 2. c4 c6 3. e3 Nf6 4. Nc3 e6 5. b3 Nbd7 6. Bb2 Bd6 7. Qc2 0-0 8. Be2 Re8 9. d4 e5 10. cxd5 cxd5 11. dxe5 Nxe5 12. 0-0 Be6 13. Rac1 Rc8 14. Qb1 a6 15. Rfd1 Qe7 16. Ng5 1/2-1/2

[Event "US Masters op"]
[Site "Hendersonville"]
[Date "2006.03.19"]
[Round "8"]
[White "Cao, Tony"]
[Black "Pupols, Viktors"]
[Result "1-0"]
[WhiteElo "2104"]
[BlackElo "2239"]
[PlyCount "59"]
[EventDate "2006.03.11"]
[EventType "swiss"]
[EventRounds "9"]
[EventCountry "USA"]
[SourceTitle "EXT 2007"]
[Source "ChessBase"]
[SourceDate "2006.11.23"]
[SourceVersion "1"]
[SourceVersionDate "2006.11.23"]
[SourceQuality "1"]

1. e4 e6 2. d4 d5 3. Nc3 Nf6 4. e5 Nfd7 5. f4 c5 6. Nf3 Nc6 7. Be3 cxd4 8. Nxd4 Bc5 9. Qd2 a6 10. 0-0-0 Bxd4 11. Bxd4 b5 12. Be3 0-0 13. Ne2 Qc7 14. Nd4 Nb6 15. Qf2 Nc4 16. Bxc4 bxc4 17. Nxc6 Qxc6 18. Bd4 Rb8 19. g4 Bd7 20. Rhg1 Qa4 21. a3 c3 22. Bxc3 Rfc8 23. Rd4 Rc4 24. f5 Qc6 25. Rg3 Rxd4 26. Bxd4 Qc4 27. Rc3 Qa2 28. Rc7 Qa1+ 29. Kd2 Rd8 30. Qh4 1-0

[Event "US Masters op"]
[Site "Hendersonville"]
[Date "2006.03.11"]
[Round "2"]
[White "Cao, Tony"]
[Black "Aliyev, Timur"]
[Result "0-1"]
[WhiteElo "2104"]
[BlackElo "2183"]
[PlyCount "88"]
[EventDate "2006.03.11"]
[EventType "swiss"]
[EventRounds "9"]
[EventCountry "USA"]
[SourceTitle "EXT 2007"]
[Source "ChessBase"]
[SourceDate "2006.11.23"]
[SourceVersion "1"]
[SourceVersionDate "2006.11.23"]
[SourceQuality "1"]

1. e4 c5 2. Nf3 Nc6 3. d4 cxd4 4. Nxd4 g6 5. c4 Nf6 6. Nc3 d6 7. Be2 Nxd4 8. Qxd4 Bg7 9. Bg5 0-0 10. Qd2 Be6 11. 0-0 Qa5 12. Rac1 Rfc8 13. b3 a6 14. f4 b5 15. f5 b4 16. Bxf6 Bxf6 17. fxe6 bxc3 18. exf7+ Kg7 19. Qd3 Rf8 20. Bg4 Rxf7 21. Be6 Rff8 22. Bd5 Rab8 23. Rc2 Be5 24. g3 Qc5+ 25. Kg2 Rxf1 26. Kxf1 Rf8+ 27. Kg2 Rf6 28. Re2 e6 29. b4 Qc8 30. c5 exd5 31. exd5 Qf5 32. Qxf5 Rxf5 33. a4 Bd4 34. c6 Rf7 35. b5 axb5 36. axb5 Bb6 37. Rc2 Bd4 38. Ra2 Kf6 39. Ra4 Ke5 40. Rc4 Bb6 41. Rxc3 Kxd5 42. Rc2 Ke4 43. Ra2 Kd4 44. Rc2 d5 0-1